MDQL
is popping MORE tags! Check the
thread
!
Quizzes
Events
Quiz Creation
Community
Videos
Private Events
Remove Ads
Sign In
Join for FREE
Feedback
Dark Mode
Quiz Categories
Sports
Geography
Music
Movies
Television
Just For Fun
Miscellaneous
History
Literature
Language
Science
Gaming
Entertainment
Religion
Holiday
For Kids
Quiz Lab
Recent
Popular Today
Quiz Kudos Today
Editor Picks
Curator Picks
Quizzes by...
Day
Popularity
Type
Ratings
Length
Year
Community
Subscriptions
Recent Discussions
Orange Saloon
Badges
Playlists
Quests
Create
Leaderboards
Showdown
Live 5
Trivia Bingo
Activity
Puzzle Library
Sporcle Events
Private Events
Virtual Trivia
Globe League
Become a Host
Pub Owners
SporcleCon
Opinionation
Our Games
Videos
Blog
Mobile Apps
Partnerships
Remove Ads and Go Orange
Feedback
Religion
Mythology
Religious Music
World Religions
Bible
Christianity
Catholicism
Judaism
Church
Scripture
Islam
Verse
Religion
Mythology
Religious Music
World Religions
Bible
Christianity
Catholicism
Judaism
Church
Scripture
Islam
Verse
Random Quiz
Search Sporcle
×
Quiz Lab
Quiz Lab
Religion
Country
Type in answers that appear in a list
Type in answers that appear in a list
Classic
Best Score? Go Orange.
Dominant Religion by Country III Stats
Can you name the Dominant Religion by Country III?
By
Twinkle1234
7m
25 Questions
171 Plays
171 Plays
171 Plays
Comments
Comments
Give Quiz Kudos
Give Quiz Kudos
-
- Ratings
hide this ad
No Skip
Answers have to be entered in order without skipping
Answers have to be entered in order without skipping
Replay
Link that replays current quiz
Next Quiz
Link to next quiz in quiz playlist
You Got
0%
They Got
Avg Score
54%
Avg Friend Score
Upgrade to see
Score Distribution
Jump to the score distribution portion of the page
Score
0/25
Timer
07:00
0
Plays Today
Country
Religion
% Correct
?
???
100%
?
???
96.5%
?
???
95.3%
?
???
92.4%
?
???
92.4%
?
???
89.5%
?
???
67.8%
?
???
67.8%
?
???
38.6%
?
???
38.6%
?
???
38.6%
?
???
38.6%
?
???
38.6%
Country
Religion
% Correct
?
???
38.6%
?
???
38.6%
?
???
38.6%
?
???
38.6%
?
???
38.6%
?
???
38.6%
?
???
38.6%
?
???
38.6%
?
???
38.6%
?
???
38.6%
?
???
38.6%
?
???
38.6%
Quiz Playlist
Details
Report
Send in Message
Add To Playlist
Classic:
Type in answers that appear in a list
No Skip:
Answers have to be entered in order without skipping
Last Updated: Feb 16, 2017
Quiz Scoreboard
CHALLENGE
Sign Up to Join the Scoreboard
Show All
Scores
Hide
Comments
May contain spoilers
Recently Published
Two Season TV Shows II
by 123Four
Television
10m
Image Sorting: Flags VI
by Barbecue
Geography
2m
Find the 'City' Movie
by crazypaving
Movies
60s
More to Explore
Quiz From the Vault
Featured Blog Post
14 Easter Pick-up Lines to Find Eggs With
hide this ad
You Might Also Like...
Tags
Country Quiz
dominant
Today's Top Quizzes in Religion
Browse Religion
hide this ad
Today's Top Quizzes in Country
Browse Country
Top Contributed Quizzes in Religion
1
Christmas Pick: Judaism
2
Mini Trivia Sudoku: Mythology
3
99 names of Allah
4
Religions Spelling Bee
5
Christmas Pick: Islam
6
Christmas Pick: World Religions
7
5-to-1: Children of Gods
8
Artistic Maundy Thursday
9
Longevity in the Bible
10
After Easter on Stained-glass Windows
Explore More
Trending Topics
NBA
Crossword
Harry Potter
Disney
Anime
Kpop
Marvel
Song
NFL
Soccer
Country
WWE
Puzzle
The Office
Pokémon
hide this ad
More By:
Twinkle1234
Quiz
Plays
Rating
Category
Featured
Created
Official Languages of North America
5,338
2.83
Language
Sep 13, 2010
Languages Native to the British Isles
1,220
2.41
Language
Feb 4, 2010
Official Languages of Africa
795
4.00
Language
Sep 9, 2010
Most Spoken Languages in Malta
770
3.50
Language
Aug 17, 2010
The Kyrgyzstan Quiz
729
1.70
Geography
Apr 2, 2010
Go to Creator's Profile
Score Distribution
Quiz Creator Spotlight
Twinkle1234
Follow
Send a Message
Quizzes Created
-
Created Quiz Play Count
-
More By This Creator
Popular Quizzes Today
1
Colored Red Africa Blitz
2
Find the US States - No Outlines Minefield
3
Find the 'City' Movie
4
5x2 Blitz: Bands
5
The Countries of the World
6
Find the US States
7
Find the Countries of Europe - No Outlines Minefield
8
US States
More Religion Quizzes
And Then Along Came Zeus!
Curator's Pick
Trending Quizzes
Colored Red Europe Blitz I
Colored Red Africa Blitz II
Colored Red Europe Blitz II
Colored Red Africa Blitz III
Colored Red Europe Blitz III
Recently Updated
How Do You Spell That?
pecheneg
Godzilla Movies
pecheneg
Grab Bag: 4-10 Letters
pecheneg
2024 March Madness Bracket
pecheneg
Famous TV Couples
Peacemaker
Champions League XIs: Real Madrid
pecheneg
Largest US Cities 1790-2010
pecheneg
Rides in Walt Disney World
pecheneg
Most Oscar Losses (Acting)
pecheneg
Beyoncé Albums
pecheneg
Trending Topics
Disney
Crossword
NBA
Anime
Kpop
Marvel
Harry Potter
Song
Puzzle
Soccer
WWE
NFL
Pokémon
Country
The Office
Your Account Isn't Verified!
In order to create a playlist on Sporcle, you need to verify the email address you used during registration. Go to your
Sporcle Settings
to finish the process.
Report this User
Report this user for behavior that violates our
Community Guidelines
.
Details:
Send Report
Go to the Sporcle.com Mobile Site →
Comments